000 01728nam0a2200361 i 4500
001 RU\NLR\BIBL_A\010783647
005 20240921110238.0
010 _a9785369014424
_bРИОР
010 _a978-5-16-011088-2
_bИнфра-М, print
_9500
021 _aRU
_b2015-36503
_92164
021 _aRU
_b2015-36503
_92478
035 _a(NILC)RuMoRGB-007931705
035 _a(NLR Aleph) 010783647
090 _a10080715
_c10080715
100 _a20150618d2015 k y0rusy50 ca
101 0 _arus
102 _aRU
105 _aa z 000yy
200 1 _aСетевая модель формирования российской национальной инновационной системы
_eмонография
_fА. Е. Суглобов, Е. В. Смирнова
210 _aМосква
_cРИОР
_cИнфра-М
_d2015
215 _a136 с.
_cил.
_d21
225 1 _aНаучная мысль
300 _aНа обороте тит. л. авт.: Суглобов А. Е., засл. экономист РФ, д.э.н., проф., Смирнова Е. В., к.э.н.
320 _aБиблиогр.: с. 118-128 (132 назв.)
606 1 _aИнновационная деятельность
_yРоссийская Федерация
_92101842
_3RU\NLR\AUTH\661271084
686 1 _aУ9(2)-55(2Р)
700 1 _7ca
_8rus
_aСуглобов
_bА. Е.
_gАлександр Евгеньевич
_9144353
_3RU\NLR\AUTH\770144389
701 1 _7ca
_8rus
_aСмирнова
_bЕ. В.
_cканд. экон. наук, бизнес и финансы
_gЕлена Валерьевна
_9148164
_3RU\NLR\AUTH\770148200
801 0 _aRU
_bРГБ
_c20150514
_gRCR
942 _cBOOK
980 _aNBR